书目信息 |
| 题名: |
风格迥异的民居
|
|
| 作者: | 赵效群 | |
| 分册: | ||
| 出版信息: | 北京 中央民族大学出版社 1999 |
|
| 页数: | 132 | |
| 开本: | 20cm | |
| 丛书名: | 世界民族知识丛书 | |
| 单 册: | ||
| 中图分类: | C95 | |
| 科图分类: | ||
| 主题词: | 社会科学 | |
| 电子资源: | ||
| ISBN: | 7-81056-168-5 | |
| 000 | 00566nam0 2200205 450 | |
| 001 | 0734081268 | |
| 005 | 20071007092801.28 | |
| 010 | @a7-81056-168-5 | |
| 100 | @a20071007d km y0chiy0120 ea | |
| 101 | 0 | @achi |
| 200 | 1 | @a风格迥异的民居@Afeng ge jiong yi de min ju@f赵效群@Fzhao xiao qun |
| 210 | @a北京@c中央民族大学出版社@d1999 | |
| 215 | @a132@d20cm | |
| 225 | 2 | @a世界民族知识丛书 |
| 410 | 0 | @12001 @a世界民族知识丛书 |
| 606 | 0 | @a社会科学 |
| 690 | @aC95@v3 | |
| 701 | 0 | @a赵效群@Azhao xiao qun |
| 801 | 0 | @aCN@bPFT@c20071007 |
| 905 | @a213230@dC95@ea12@f1 | |
| 风格迥异的民居/赵效群.-北京:中央民族大学出版社,1999 |
| 132;20cm.-(世界民族知识丛书) |
| ISBN 7-81056-168-5: |
| ● |
| 相关链接 |
|
|
|
|
正题名:风格迥异的民居
索取号:C95/a12
 
预约/预借
| 序号 | 登录号 | 条形码 | 馆藏地/架位号 | 状态 | 备注 |
| 1 | 7505533 | 275055333 | 密集书库-史法系/ [索取号:C95/a12] | 在馆 |